| 000 | 00475nam a2200169Ia 4500 | ||
|---|---|---|---|
| 003 | GCL | ||
| 008 | 140319s9999 xx 000 0 ara d | ||
| 040 |
_aGCL / _cGCL |
||
| 082 | 0 | 4 |
_aفيديو _b88 |
| 245 | 1 | 0 | _aالعمود الفقرى والدسك |
| 260 |
_a[S.N] : _bلا يوجد |
||
| 490 |
_aموسوعة طبيبك الخاص _v0 |
||
| 650 | 0 | 4 | _aالطب |
| 650 | 0 | 4 | _aشرائط فيديو |
| 650 | 0 | 4 | _aالعمود الفقرى و الدسك |
| 942 |
_2ddc _cBK |
||
| 999 |
_c33800 _d33800 |
||